000 00761nam a2200253Ia 4500
003 OSt
005 20220918184815.0
006 a|||||r|||| 00| 0
007 ta
008 220917b |||||||| |||| 00| 0 eng d
024 _a48,187
037 _cTextual
040 _aARTS
_cARTS
_beng
041 _2eng
_aeng
082 _aP0bS1, L1 (PD)
100 _aOlmsted D L
_966696
245 0 _aOut of the mouth of babes
_b earliest stages in language learning
260 _aHague
_bMouton
_c1971
300 _a260p.
_ccm.
490 _aJanua linguarum : Studia memoriae Nicolai Van Wijk dedicata , ed by C H Van Schooneveld; 117
650 _aLINGUISTICS
942 _hP0bS1, L1 (PD)
_cTEXL
_2CC
999 _c177858
_d177858